000 00471nam a2200181 4500
001 120711
003 ES-MaACL
005 20230906191616.0
007 t|
008 070214s1957 sp r ||||1| spa d
100 1 _aPrado, Germán.
_993608
245 1 0 _aCurso fácil de liturgia /
_cpor el R. P. Germán Prado.
250 _a5ª ed.
260 _aMadrid :
_bFax,
_c1957.
300 _a156 p. ;
_c19 cm.
650 0 4 _aLiturgia.
_914683
852 _aES-MaACL
_jC-13390
999 _c120711
_d120711